000 00847nam a2200193 i 4500
001 73565
003 ES-MaACL
007 t|
008 040908s1982 sp ||||1| spa d
100 1 _aGómez López, Jesús.
_958016
245 1 0 _aSor Juana de la Cruz, mística e iluminista toledadna /
_cJesús Gómez López, Inocente García de Andrés.
260 _aToledo :
_bInstituto Provincial de Investigaciones y Estudios Toledanos,
_c1982.
300 _a56 p. :
_bil. ;
_c21 cm.
490 1 _aPublicaciones del Instituto Provincial de Investigaciones y Estudios Toledanos. Serie VI. Temas toledanos ;
_v21
700 1 _aGarcía de Andrés, Inocente.
_954403
830 0 0 _aPublicaciones del Instituto Provincial de Investigaciones y Estudios Toledanos
_v21
_9242140
852 _aES-MaACL
_jL-6320
_bR.106559
999 _c73565
_d73565